[Event "Titled Tuesday intern op 04th Mar Early"]
[Site "Chess.com INT"]
[Date "2025.03.04"]
[Round "6"]
[White "Bornholdt, Joa Max"]
[Black "Mendes Domingues, Ribeiro Matheus"]
[Result "1-0"]
[WhiteElo "2267"]
[BlackElo "2273"]
[PlyCount "47"]
[EventDate "2025.03.04"]
[EventType "swiss (blitz)"]
[EventRounds "11"]
[EventCountry "USA"]
[SourceTitle "CB11_2025"]
[SourceDate "2025.03.12"]
[SourceVersion "1"]
[SourceVersionDate "2025.03.12"]
[SourceQuality "1"]

1. e4 c5 2. Nf3 e6 3. c3 Nc6 4. d4 d5 5. Nbd2 dxe4 6. Nxe4 cxd4 7. cxd4 Bb4+ 8. Nc3 Nf6 9. Bd3 0-0 10. 0-0 b6 11. Re1 Bb7 12. a3 Be7 13. Bc2 Rc8 14. Qd3 h6 15. Be3 Na5 16. Ne5 Bd6 17. Ng4 Re8 18. Nxh6+ gxh6 19. Bxh6 Nc4 20. Qh3 Qe7 21. Bg5 e5 22. Qh6 Nh7 23. Qxh7+ Kf8 24. Qh8# 1-0

[Event "GER-chT Lands U20"]
[Site "Tuebingen"]
[Date "2024.10.06"]
[Round "7"]
[White "Bornholdt, Joa Max"]
[Black "Klaska, Philipp Leon"]
[Result "0-1"]
[WhiteElo "2268"]
[BlackElo "2263"]
[PlyCount "47"]
[EventDate "2024.10.03"]
[EventType "team-swiss"]
[EventRounds "7"]
[EventCountry "GER"]
[SourceTitle "CB47_2024"]
[SourceDate "2024.11.20"]
[SourceVersion "1"]
[SourceVersionDate "2024.11.20"]
[SourceQuality "1"]

1. Nf3 Nf6 2. c4 b6 3. g3 c5 4. Bg2 Bb7 5. 0-0 e6 6. Nc3 Be7 7. d4 cxd4 8. Qxd4 0-0 9. Rd1 d6 10. b3 Nbd7 11. Bb2 a6 12. e4 Qc7 13. h3 Rfd8 14. Qe3 Rac8 15. Nd4 Qb8 16. g4 h6 17. Nde2 g5 18. Kh1 Kh7 19. f4 gxf4 20. Qxf4 Rg8 21. Ng3 Ne5 22. Nce2 Rg5 23. Ng1 Rcg8 24. Nf3 0-1

[Event "GER-chT Lands U20"]
[Site "Tuebingen"]
[Date "2024.10.04"]
[Round "3"]
[White "Bornholdt, Joa Max"]
[Black "Sydykov, Bayastan"]
[Result "1-0"]
[WhiteElo "2268"]
[BlackElo "2268"]
[PlyCount "62"]
[EventDate "2024.10.03"]
[EventType "team-swiss"]
[EventRounds "7"]
[EventCountry "GER"]
[SourceTitle "CB47_2024"]
[SourceDate "2024.11.20"]
[SourceVersion "1"]
[SourceVersionDate "2024.11.20"]
[SourceQuality "1"]

1. d4 d5 2. Nf3 Nf6 3. c3 e6 4. Bg5 Be7 5. Nbd2 Nbd7 6. e3 h6 7. Bh4 0-0 8. Bd3 Ne8 9. Bg3 c5 10. Ne5 Qb6 11. Rb1 Nxe5 12. dxe5 Bd7 13. 0-0 Bb5 14. c4 dxc4 15. Nxc4 Bxc4 16. Bxc4 Qc6 17. Qg4 Nc7 18. Bd3 Rfd8 19. Be4 Nd5 20. Rbe1 Qb6 21. Bf4 Kf8 22. Bh7 Qc7 23. Qg3 Nxf4 24. exf4 Rd4 25. f5 exf5 26. Bxf5 Rad8 27. f4 c4 28. Kh1 Re8 29. e6 fxe6 30. Bxe6 Bf6 31. Qg6 Rd6 1-0

[Event "Abu Dhabi Masters Online"]
[Site "Chess.com INT"]
[Date "2024.08.21"]
[Round "2"]
[White "Bornholdt, Joa Max"]
[Black "Swayams, Mishra"]
[Result "0-1"]
[WhiteElo "2268"]
[BlackElo "2456"]
[PlyCount "150"]
[EventDate "2024.08.21"]
[EventType "swiss (blitz)"]
[EventRounds "11"]
[EventCountry "UAE"]
[SourceTitle "CBM 221 Extra"]
[Source "ChessBase"]
[SourceDate "2024.09.30"]
[SourceVersion "1"]
[SourceVersionDate "2024.09.30"]
[SourceQuality "1"]

1. d4 Nf6 2. Nf3 b6 3. g3 Bb7 4. Bg2 e6 5. 0-0 Be7 6. Re1 0-0 7. Nbd2 Ne4 8. c3 Nxd2 9. Nxd2 Bxg2 10. Kxg2 f5 11. e4 fxe4 12. Nxe4 Qc8 13. Kg1 Qb7 14. Qg4 Rf7 15. Bg5 Nc6 16. Re3 Raf8 17. f4 Bxg5 18. Nxg5 Rf5 19. Qh3 h6 20. Nf3 a5 21. Rae1 a4 22. Nh4 R5f6 23. Qg4 Ne7 24. Re5 Qc6 25. a3 Qc4 26. Qe2 Qxe2 27. R1xe2 Ng6 28. Nxg6 Rxg6 29. Kf2 c6 30. R5e3 Rgf6 31. Kg2 Kh7 32. Re5 Rf5 33. h3 g5 34. fxg5 hxg5 35. g4 Rxe5 36. dxe5 Kg7 37. Rd2 Rd8 38. Rd6 Kf7 39. Kf3 Ke7 40. Ke3 Rh8 41. Ke4 Rxh3 42. Rd4 Rg3 43. Rd1 Rxg4+ 44. Kf3 Rf4+ 45. Ke3 Rf5 46. Ke4 Rf4+ 47. Ke3 b5 48. Rh1 Rf5 49. Ke4 Rf7 50. Ke3 g4 51. Rg1 Rg7 52. Kf4 g3 53. Ke4 g2 54. Kd4 Rg4+ 55. Kc5 Rg5 56. Kb4 Kf7 57. Ka5 Rg4 58. Kb6 Rg5 59. Kc7 Ke7 60. Kc8 Rxe5 61. Rxg2 Rd5 62. Kc7 e5 63. Rg7+ Ke6 64. Rg6+ Kf5 65. Rg2 e4 66. Rf2+ Kg4 67. c4 bxc4 68. Rc2 Rd4 69. Kb6 e3 70. Kc5 Rd2 71. Rxc4+ Kf3 72. Rh4 e2 73. Rh3+ Kf2 74. Rh8 e1Q 75. Kb6 Rxb2+ 0-1

[Event "Titled Tuesday intern op 06th Aug Late"]
[Site "Chess.com INT"]
[Date "2024.08.06"]
[Round "5"]
[White "Bornholdt, Joa Max"]
[Black "Stoettner, Lukas"]
[Result "0-1"]
[WhiteElo "2268"]
[BlackElo "2202"]
[PlyCount "58"]
[EventDate "2024.08.06"]
[EventType "swiss (blitz)"]
[EventRounds "11"]
[EventCountry "USA"]
[SourceTitle "EXT 2025"]
[Source "ChessBase"]
[SourceDate "2024.10.14"]
[SourceVersion "1"]
[SourceVersionDate "2024.10.14"]
[SourceQuality "1"]

1. e4 e5 2. Nf3 Nc6 3. Bc4 Nf6 4. 0-0 Nxe4 5. Nc3 Nd6 6. Bd5 Be7 7. Re1 0-0 8. Bxc6 dxc6 9. Nxe5 Bf6 10. Nf3 Re8 11. h3 Bf5 12. d3 Qd7 13. Bf4 Rxe1+ 14. Qxe1 Re8 15. Qd2 h6 16. Re1 Nb5 17. Rxe8+ Qxe8 18. Nxb5 cxb5 19. c3 Qc6 20. Ne5 Qd5 21. d4 Qxa2 22. Qe2 Qd5 23. Ng4 Bxg4 24. Qe8+ Kh7 25. hxg4 b4 26. Qc8 bxc3 27. bxc3 c5 28. dxc5 Bxc3 29. Qc7 a5 0-1

[Event "Titled Tuesday intern op 06th Aug Late"]
[Site "Chess.com INT"]
[Date "2024.08.06"]
[Round "1"]
[White "Bornholdt, Joa Max"]
[Black "Zarnicki, Pablo Adrian"]
[Result "0-1"]
[WhiteElo "2268"]
[BlackElo "2514"]
[PlyCount "26"]
[EventDate "2024.08.06"]
[EventType "swiss (blitz)"]
[EventRounds "11"]
[EventCountry "USA"]
[SourceTitle "EXT 2025"]
[Source "ChessBase"]
[SourceDate "2024.10.14"]
[SourceVersion "1"]
[SourceVersionDate "2024.10.14"]
[SourceQuality "1"]

1. d4 Nf6 2. Nf3 g6 3. c4 Bg7 4. Nc3 0-0 5. e4 d6 6. Be2 e5 7. dxe5 dxe5 8. Qxd8 Rxd8 9. Bg5 Nbd7 10. 0-0-0 Rf8 11. Nd2 c6 12. b4 a5 13. a4 axb4 0-1

[Event "Titled Tuesday intern op 23rd Jul Early"]
[Site "Chess.com INT"]
[Date "2024.07.23"]
[Round "3"]
[White "Antunes, Luciano Justi"]
[Black "Bornholdt, Joa Max"]
[Result "1-0"]
[WhiteElo "2045"]
[BlackElo "2268"]
[PlyCount "63"]
[EventDate "2024.07.23"]
[EventType "swiss (blitz)"]
[EventRounds "11"]
[EventCountry "USA"]
[SourceTitle "EXT 2025"]
[Source "ChessBase"]
[SourceDate "2024.10.14"]
[SourceVersion "1"]
[SourceVersionDate "2024.10.14"]
[SourceQuality "1"]

1. e4 e5 2. Nf3 Nf6 3. Nxe5 d6 4. Nf3 Nxe4 5. Nc3 Nxc3 6. dxc3 Be7 7. Be3 Nc6 8. Qd2 Be6 9. Bd3 Qd7 10. Nd4 Nxd4 11. Bxd4 0-0 12. a3 Bf5 13. Be2 d5 14. g4 Be4 15. f3 Bh4+ 16. Bf2 Bxf2+ 17. Kxf2 Bg6 18. h4 h5 19. Rad1 c6 20. gxh5 Bxh5 21. Rdg1 f6 22. Bd3 Kh8 23. Rg3 Rae8 24. Rhg1 Re7 25. Qf4 Rff7 26. Qb8+ Qe8 27. Qxa7 b5 28. Qd4 Re6 29. Qf4 Rfe7 30. Kg2 Re3 31. Qf5 R7e5 32. Qh7# 1-0

[Event "Titled Tuesday intern op 23rd Jul Late"]
[Site "Chess.com INT"]
[Date "2024.07.23"]
[Round "6"]
[White "Bornholdt, Joa Max"]
[Black "Zamorano, Jorge Adrian"]
[Result "0-1"]
[WhiteElo "2268"]
[BlackElo "2333"]
[PlyCount "70"]
[EventDate "2024.07.23"]
[EventType "swiss (blitz)"]
[EventRounds "11"]
[EventCountry "USA"]
[SourceTitle "EXT 2025"]
[Source "ChessBase"]
[SourceDate "2024.10.14"]
[SourceVersion "1"]
[SourceVersionDate "2024.10.14"]
[SourceQuality "1"]

1. e4 e5 2. Nf3 Nc6 3. Bb5 a6 4. Ba4 d6 5. 0-0 Bd7 6. c3 Nge7 7. d4 Ng6 8. Bg5 Be7 9. Bxe7 Qxe7 10. Re1 0-0 11. Nbd2 b5 12. Bc2 Qf6 13. Nf1 Bg4 14. d5 Bxf3 15. Qxf3 Qxf3 16. gxf3 Nce7 17. Ne3 Nh4 18. Bd1 f5 19. Ng2 Neg6 20. Nxh4 Nxh4 21. f4 exf4 22. e5 dxe5 23. Rxe5 Rae8 24. Rxe8 Rxe8 25. Kf1 g5 26. a4 g4 27. axb5 axb5 28. Bb3 Kf8 29. f3 Nxf3 30. Kf2 Nxh2 31. Ra7 g3+ 32. Kg2 Re2+ 33. Kh3 Nf3 34. Ra8+ Kg7 35. d6 Rh2# 0-1

[Event "Titled Tuesday intern op 16th Jul Late"]
[Site "Chess.com INT"]
[Date "2024.07.16"]
[Round "6"]
[White "Bornholdt, Joa Max"]
[Black "Al Blooshi, Hamad Essa"]
[Result "1-0"]
[WhiteElo "2268"]
[BlackElo "2162"]
[PlyCount "87"]
[EventDate "2024.07.16"]
[EventType "swiss (blitz)"]
[EventRounds "11"]
[EventCountry "USA"]
[SourceTitle "EXT 2025"]
[Source "ChessBase"]
[SourceDate "2024.10.14"]
[SourceVersion "1"]
[SourceVersionDate "2024.10.14"]
[SourceQuality "1"]

1. e4 e5 2. Nf3 Nf6 3. Nxe5 d6 4. Nf3 Nxe4 5. d4 d5 6. Bd3 Bd6 7. 0-0 0-0 8. c4 c6 9. cxd5 cxd5 10. Nc3 Nxc3 11. bxc3 h6 12. Re1 Nd7 13. Qb3 Nf6 14. Rb1 Rb8 15. Ba3 Be6 16. Ne5 Ne4 17. Bxd6 Qxd6 18. Qc2 f5 19. f3 Ng5 20. h4 Nh7 21. Qf2 b6 22. Qe3 Rbc8 23. Ng6 Rf6 24. Nf4 Re8 25. Nxe6 Rfxe6 26. Qf2 g6 27. h5 Ng5 28. hxg6 Rxe1+ 29. Rxe1 Rxe1+ 30. Qxe1 Qxg6 31. Kf1 Kf7 32. Qe5 Qe6 33. Qxf5+ Qxf5 34. Bxf5 Kf6 35. Bd3 Nf7 36. Ke2 Nd6 37. g4 Kg5 38. Ke3 Ne8 39. Bf5 Nc7 40. Bd7 h5 41. gxh5 Kxh5 42. Kf4 Kg6 43. Ke5 Kf7 44. Bc6 1-0

[Event "Titled Tuesday intern op 16th Jul Late"]
[Site "Chess.com INT"]
[Date "2024.07.16"]
[Round "11"]
[White "Bornholdt, Joa Max"]
[Black "Colville, Julian"]
[Result "0-1"]
[WhiteElo "2268"]
[BlackElo "2067"]
[PlyCount "112"]
[EventDate "2024.07.16"]
[EventType "swiss (blitz)"]
[EventRounds "11"]
[EventCountry "USA"]
[SourceTitle "EXT 2025"]
[Source "ChessBase"]
[SourceDate "2024.10.14"]
[SourceVersion "1"]
[SourceVersionDate "2024.10.14"]
[SourceQuality "1"]

1. e4 e5 2. Nf3 d5 3. exd5 Nf6 4. Nc3 e4 5. Ne5 Bc5 6. d4 exd3 7. Bxd3 0-0 8. 0-0 Re8 9. Bf4 Nbd7 10. Nxd7 Bxd7 11. Qd2 Kh8 12. Rad1 Bg4 13. Be2 Bxe2 14. Nxe2 Ne4 15. Qd3 Qf6 16. Bg3 Rad8 17. c4 Qxb2 18. Nd4 Bxd4 19. Qxd4 Nc3 20. Kh1 Nxd1 21. Qxd1 Qxa2 22. Bxc7 Rd7 23. d6 Qxc4 24. Re1 Re6 25. Rxe6 Qxe6 26. h3 h6 27. Qb1 b6 28. Qa1 a5 29. Qb2 a4 30. Qxb6 a3 31. Qb8+ Kh7 32. Qb1+ g6 33. Qa1 Qb3 34. Kh2 Qb2 35. Qe1 a2 36. Qe8 a1Q 37. Qxd7 Qe5+ 38. g3 Qf6 39. Bb6 Qab2 40. Be3 Qe2 41. Qe7 Qxe7 42. dxe7 Qb5 43. Bc5 Kg7 44. Kg1 f6 45. Bd6 Kf7 46. Kh2 Qb6 47. Bf4 Qxf2+ 48. Kh1 Kxe7 49. h4 g5 50. hxg5 hxg5 51. Bc7 Qe1+ 52. Kh2 Qd2+ 53. Kh3 Qd7+ 54. g4 Qxc7 55. Kg2 Qc2+ 56. Kf3 Qd3+ 0-1

[Event "Titled Tuesday intern op 16th Jul Early"]
[Site "Chess.com INT"]
[Date "2024.07.16"]
[Round "11"]
[White "Bornholdt, Joa Max"]
[Black "Gruca, Miroslav"]
[Result "1/2-1/2"]
[WhiteElo "2268"]
[BlackElo "2198"]
[PlyCount "113"]
[EventDate "2024.07.16"]
[EventType "swiss (blitz)"]
[EventRounds "11"]
[EventCountry "USA"]
[SourceTitle "EXT 2025"]
[Source "ChessBase"]
[SourceDate "2024.10.14"]
[SourceVersion "1"]
[SourceVersionDate "2024.10.14"]
[SourceQuality "1"]

1. e4 c6 2. Nc3 d5 3. Nf3 dxe4 4. Nxe4 Nf6 5. Qe2 Nxe4 6. Qxe4 Nd7 7. Bc4 Nf6 8. Ne5 e6 9. Qe2 b5 10. Bd3 Qc7 11. a4 b4 12. b3 Nd5 13. g3 Bd6 14. Bb2 0-0 15. 0-0 Nf6 16. Ng4 Nxg4 17. Qxg4 e5 18. Bf5 Bxf5 19. Qxf5 Rad8 20. Rad1 Rfe8 21. Rfe1 Qd7 22. Qxd7 Rxd7 23. f4 Rde7 24. fxe5 Bxe5 25. Bxe5 Rxe5 26. Kf2 Rf5+ 27. Kg2 Kf8 28. Rxe8+ Kxe8 29. Re1+ Kd7 30. Re4 a5 31. g4 Rd5 32. d3 f5 33. gxf5 Rxf5 34. Kg3 c5 35. Rf4 Ke6 36. Re4+ Re5 37. Kf3 Rxe4 38. Kxe4 g6 39. d4 cxd4 40. Kxd4 Kd6 41. Kc4 Kc6 42. c3 bxc3 43. Kxc3 Kc5 44. b4+ axb4+ 45. Kb3 g5 46. a5 Kb5 47. a6 Kxa6 48. Kxb4 Kb6 49. Kc4 Kc6 50. Kd4 Kd6 51. Ke4 Ke6 52. h4 h6 53. hxg5 hxg5 54. Kf3 Kf5 55. Kg3 Ke4 56. Kg4 Ke5 57. Kxg5 1/2-1/2

[Event "Titled Tuesday intern op 16th Jul Early"]
[Site "Chess.com INT"]
[Date "2024.07.16"]
[Round "10"]
[White "De Souza, Cristiano Gomes"]
[Black "Bornholdt, Joa Max"]
[Result "0-1"]
[WhiteElo "2018"]
[BlackElo "2268"]
[PlyCount "90"]
[EventDate "2024.07.16"]
[EventType "swiss (blitz)"]
[EventRounds "11"]
[EventCountry "USA"]
[SourceTitle "EXT 2025"]
[Source "ChessBase"]
[SourceDate "2024.10.14"]
[SourceVersion "1"]
[SourceVersionDate "2024.10.14"]
[SourceQuality "1"]

1. d4 Nf6 2. c4 g6 3. Nf3 Bg7 4. Nc3 d5 5. Bf4 0-0 6. e3 c5 7. dxc5 Ne4 8. Rc1 Nd7 9. cxd5 Qa5 10. Bd3 Nxc3 11. Qd2 Qxa2 12. bxc3 Qxd2+ 13. Kxd2 Nxc5 14. e4 Nb3+ 15. Ke2 Nxc1+ 16. Rxc1 Bg4 17. c4 b6 18. Ke3 Bxf3 19. gxf3 e5 20. dxe6 fxe6 21. Bd6 Rf7 22. c5 bxc5 23. Rxc5 Rd7 24. e5 Bf8 25. Rc6 Kf7 26. Bxf8 Rxf8 27. Bc4 Re8 28. f4 a5 29. Ke4 Ra7 30. h4 h5 31. Kd4 a4 32. Ba2 a3 33. Kc5 Ra4 34. Kd6 Rd4+ 35. Kc5 Rxf4 36. Ra6 Rf3 37. Kd6 Rd3+ 38. Kc5 g5 39. hxg5 h4 40. Ra7+ Re7 41. Ra4 h3 42. Rh4 Kg7 43. Bb1 Rd5+ 44. Kb4 Rb7+ 45. Kxa3 Rxb1 0-1

[Event "Titled Tuesday intern op 16th Jul Late"]
[Site "Chess.com INT"]
[Date "2024.07.16"]
[Round "3"]
[White "Novikova, Margarita"]
[Black "Bornholdt, Joa Max"]
[Result "0-1"]
[WhiteElo "1991"]
[BlackElo "2268"]
[PlyCount "100"]
[EventDate "2024.07.16"]
[EventType "swiss (blitz)"]
[EventRounds "11"]
[EventCountry "USA"]
[SourceTitle "EXT 2025"]
[Source "ChessBase"]
[SourceDate "2024.10.14"]
[SourceVersion "1"]
[SourceVersionDate "2024.10.14"]
[SourceQuality "1"]

1. e4 e5 2. Nf3 Nf6 3. Nxe5 d6 4. Nf3 Nxe4 5. d3 Nf6 6. d4 d5 7. Bd3 Bd6 8. 0-0 0-0 9. h3 h6 10. Be3 Re8 11. Nbd2 Nbd7 12. c3 Ne4 13. Qc2 Ndf6 14. Nb3 a5 15. Nc5 b6 16. Nb3 a4 17. Nbd2 Ba6 18. Bxa6 Rxa6 19. Nxe4 dxe4 20. Nd2 Qd7 21. Nc4 b5 22. Nxd6 Qxd6 23. Qe2 c6 24. Rad1 Raa8 25. g3 Nd5 26. Kg2 f5 27. b3 Nxc3 28. Qh5 Nxd1 29. Rxd1 axb3 30. axb3 Rf8 31. Bf4 Qe6 32. b4 Ra2 33. Be3 Kh7 34. Rc1 Qg6 35. Qh4 Qf6 36. Qh5 Qe6 37. Rc5 f4 38. Re5 f3+ 39. Kh2 Qg6 40. Qh4 Ra1 41. Rxe4 Rfa8 42. Rg4 Qb1 43. Rxg7+ Kxg7 44. Qxh6+ Kf7 45. Qf4+ Ke7 46. Qe5+ Kd7 47. Qg7+ Kc8 48. Qf8+ Kb7 49. Qe7+ Ka6 50. g4 Qg1# 0-1

[Event "Titled Tuesday intern op 16th Jul Early"]
[Site "Chess.com INT"]
[Date "2024.07.16"]
[Round "9"]
[White "Nugumanov, Bakhtiyar"]
[Black "Bornholdt, Joa Max"]
[Result "1-0"]
[WhiteElo "2288"]
[BlackElo "2268"]
[PlyCount "103"]
[EventDate "2024.07.16"]
[EventType "swiss (blitz)"]
[EventRounds "11"]
[EventCountry "USA"]
[SourceTitle "EXT 2025"]
[Source "ChessBase"]
[SourceDate "2024.10.14"]
[SourceVersion "1"]
[SourceVersionDate "2024.10.14"]
[SourceQuality "1"]

1. d4 Nf6 2. Bf4 g6 3. Nc3 d5 4. Qd2 Bg7 5. Bh6 Bxh6 6. Qxh6 c5 7. dxc5 Qa5 8. 0-0-0 Nc6 9. e3 Qxc5 10. Nf3 Bg4 11. Bb5 Bxf3 12. gxf3 0-0-0 13. f4 Ne4 14. Nxe4 dxe4 15. Bxc6 Qxc6 16. Qg7 Qe6 17. Qc3+ Kb8 18. b3 Rc8 19. Qe5+ Qxe5 20. fxe5 Rhd8 21. Rxd8 Rxd8 22. Rd1 Rxd1+ 23. Kxd1 Kc7 24. Kd2 Kc6 25. c4 f5 26. exf6 exf6 27. Kc3 f5 28. Kd4 Kd6 29. c5+ Ke6 30. b4 a6 31. a4 g5 32. b5 axb5 33. axb5 h5 34. c6 b6 35. c7 Kd7 36. Ke5 Kxc7 37. Kxf5 Kd6 38. Kxe4 Kc5 39. Kf5 Kxb5 40. e4 Kc4 41. e5 b5 42. e6 b4 43. e7 b3 44. e8Q b2 45. Qc6+ Kb3 46. Kxg5 b1Q 47. Qb6+ Kc2 48. Qxb1+ Kxb1 49. Kxh5 Kc2 50. f4 Kd3 51. f5 Ke4 52. f6 1-0

[Event "Titled Tuesday intern op 16th Jul Early"]
[Site "Chess.com INT"]
[Date "2024.07.16"]
[Round "2"]
[White "Rahman, Adel"]
[Black "Bornholdt, Joa Max"]
[Result "1/2-1/2"]
[WhiteElo "2273"]
[BlackElo "2268"]
[PlyCount "160"]
[EventDate "2024.07.16"]
[EventType "swiss (blitz)"]
[EventRounds "11"]
[EventCountry "USA"]
[SourceTitle "EXT 2025"]
[Source "ChessBase"]
[SourceDate "2024.10.14"]
[SourceVersion "1"]
[SourceVersionDate "2024.10.14"]
[SourceQuality "1"]

1. d4 Nf6 2. Nf3 g6 3. c4 Bg7 4. Nc3 d5 5. Bg5 0-0 6. Bxf6 Bxf6 7. cxd5 c6 8. e3 cxd5 9. Bd3 Nc6 10. 0-0 e5 11. dxe5 Nxe5 12. Nxe5 Bxe5 13. Qf3 Be6 14. Rfd1 Qf6 15. Qxf6 Bxf6 16. Rac1 Rac8 17. Be2 Rfd8 18. f3 Kg7 19. Kf1 Bg5 20. f4 Bf6 21. Bf3 d4 22. exd4 Rxd4 23. Ne4 Rxd1+ 24. Rxd1 Bxb2 25. a4 Rc2 26. a5 Bc1 27. Ng5 Bc4+ 28. Kg1 Be3+ 29. Kh1 Bxf4 30. Nh3 Be3 31. Bxb7 Ra2 32. a6 Bxa6 33. Bxa6 Rxa6 34. g3 Ra2 35. Rd3 Bh6 36. Ng1 Bg5 37. Nf3 Bf6 38. Rd7 a5 39. Nd2 a4 40. Ne4 a3 41. Nd6 Ra1+ 42. Kg2 a2 43. Rxf7+ Kg8 44. Ra7 Rd1 45. Ra8+ Kg7 46. Ne8+ Kf7 47. Rxa2 Kxe8 48. Ra7 h5 49. h3 Rd2+ 50. Kf3 Rd3+ 51. Kg2 Be5 52. g4 Rg3+ 53. Kf2 Rxh3 54. gxh5 Rxh5 55. Kf3 Rf5+ 56. Kg4 Bd6 57. Ra6 Ke7 58. Ra7+ Kf6 59. Ra6 Rf4+ 60. Kh3 Rb4 61. Rxd6+ Kg5 62. Rd3 Rh4+ 63. Kg3 Rg4+ 64. Kh3 Rb4 65. Kg3 Kh5 66. Rd5+ g5 67. Rd3 Rg4+ 68. Kh3 Rh4+ 69. Kg3 Ra4 70. Kh3 Re4 71. Kg3 Rf4 72. Kh3 g4+ 73. Kg3 Ra4 74. Rd5+ Kg6 75. Rc5 Re4 76. Rb5 Rd4 77. Rc5 Ra4 78. Rb5 Rd4 79. Ra5 Re4 80. Rb5 Rd4 1/2-1/2

[Event "Titled Tuesday intern op 09th Jul Late"]
[Site "Chess.com INT"]
[Date "2024.07.09"]
[Round "10"]
[White "Antoniou, Rafail"]
[Black "Bornholdt, Joa Max"]
[Result "1-0"]
[WhiteElo "2027"]
[BlackElo "2268"]
[PlyCount "171"]
[EventDate "2024.07.09"]
[EventType "swiss (blitz)"]
[EventRounds "11"]
[EventCountry "USA"]
[SourceTitle "EXT 2025"]
[Source "ChessBase"]
[SourceDate "2024.10.14"]
[SourceVersion "1"]
[SourceVersionDate "2024.10.14"]
[SourceQuality "1"]

1. e4 e5 2. Nf3 Nf6 3. Nxe5 d6 4. Nf3 Nxe4 5. c3 d5 6. d4 Bd6 7. Be2 0-0 8. 0-0 Bf5 9. c4 c6 10. Nc3 Nxc3 11. bxc3 dxc4 12. Bxc4 Nd7 13. Bd3 Bxd3 14. Qxd3 b5 15. c4 b4 16. c5 Bc7 17. Bg5 Qb8 18. Qa6 Qb5 19. Qxb5 cxb5 20. d5 Nxc5 21. Be7 Rfc8 22. Bxc5 Bxh2+ 23. Kxh2 Rxc5 24. d6 Rd8 25. Rfd1 Rc6 26. Rab1 a5 27. a3 bxa3 28. Rxb5 Ra6 29. Rd3 h6 30. Rxa3 Rdxd6 31. Rbxa5 Rxa5 32. Rxa5 Kh7 33. Ra7 Kg6 34. Ne5+ Kf6 35. Nxf7 Rd5 36. Kg3 Rh5 37. f3 Rd5 38. Rb7 h5 39. Nh8 Rd8 40. Rb6+ Kf5 41. Ng6 Rd4 42. Nh4+ Ke5 43. Rg6 Rd7 44. Rg5+ Kf6 45. Rxh5 g5 46. Rh6+ Ke5 47. Ng6+ Kf5 48. Nf8 Rf7 49. Ne6 Rd7 50. Nc5 Rd5 51. Ne4 Rd8 52. Rf6+ Ke5 53. Rf7 Rg8 54. Kf2 g4 55. Ra7 gxf3 56. gxf3 Rb8 57. Re7+ Kf4 58. Rf7+ Ke5 59. Ng3 Rb2+ 60. Ne2 Rb3 61. Ra7 Rd3 62. Ra5+ Kf6 63. Nf4 Rb3 64. Kg3 Rb1 65. Nd5+ Ke6 66. f4 Rg1+ 67. Kf3 Rf1+ 68. Ke2 Rh1 69. f5+ Kxf5 70. Ne3+ Ke6 71. Kd3 Rh3 72. Ra6+ Ke5 73. Ra8 Rh1 74. Re8+ Kd6 75. Ke4 Rh4+ 76. Kd3 Rh3 77. Re4 Kd7 78. Kd4 Rh1 79. Rg4 Ra1 80. Rg7+ Kd6 81. Nc4+ Ke6 82. Rg6+ Kf5 83. Rg8 Rd1+ 84. Kc5 Rc1 85. Re8 Rd1 86. Ne3+ 1-0

[Event "Titled Tuesday intern op 09th Jul Late"]
[Site "Chess.com INT"]
[Date "2024.07.09"]
[Round "1"]
[White "Gorovets, Andrey"]
[Black "Bornholdt, Joa Max"]
[Result "1-0"]
[WhiteElo "2480"]
[BlackElo "2268"]
[PlyCount "99"]
[EventDate "2024.07.09"]
[EventType "swiss (blitz)"]
[EventRounds "11"]
[EventCountry "USA"]
[SourceTitle "EXT 2025"]
[Source "ChessBase"]
[SourceDate "2024.10.14"]
[SourceVersion "1"]
[SourceVersionDate "2024.10.14"]
[SourceQuality "1"]

1. Nf3 Nf6 2. c4 g6 3. g3 Bg7 4. Bg2 c5 5. d4 cxd4 6. Nxd4 Nc6 7. Nc3 0-0 8. 0-0 Nxd4 9. Qxd4 d6 10. Qd3 a6 11. Bd2 Rb8 12. a4 a5 13. e4 Nd7 14. Be3 b6 15. h3 Ne5 16. Qe2 Be6 17. Nd5 Bxd5 18. exd5 Qc7 19. b3 Nd7 20. Qc2 Nc5 21. Rae1 Rfe8 22. Re2 e5 23. dxe6 fxe6 24. Rd1 Rbd8 25. Bf4 e5 26. Bg5 Rd7 27. Bd5+ Kh8 28. h4 Ne6 29. Bxe6 Rxe6 30. Qe4 Re8 31. Red2 Rf8 32. Be3 Rf6 33. Rd5 h6 34. Rb5 Rdf7 35. Bxb6 Qd7 36. Be3 Qh3 37. Rbd5 Rf4 38. gxf4 exf4 39. Qg2 Qe6 40. Bd4 f3 41. Bxg7+ Kxg7 42. Qg3 Rf6 43. Rxd6 Qe2 44. Rd7+ Kg8 45. Rd8+ Kg7 46. R1d7+ Rf7 47. Rxf7+ Kxf7 48. Qf4+ Ke7 49. Qf8+ Ke6 50. Re8+ 1-0